"Heiligkeit und Herrlichkeit in dem Heiligthum" aneb Oslava svatořečení Jana Nepomuckého ve Žďáru

Titel: "Heiligkeit und Herrlichkeit in dem Heiligthum" aneb Oslava svatořečení Jana Nepomuckého ve Žďáru
Verfasser:
In: Orbis artium, (2009), Seite 579-589
alle Artikel anzeigen
Veröffentlicht: 2009
Format: Aufsatz
Sprache: Tschechisch
Kein Bild verfügbar
X
alg: 39347813
001A    $01999:12-11-16 
001B    $01999:28-04-17 $t15:54:44.000 
001D    $01999:12-11-16 
001U    $0utf8 
001X    $00 
002@    $0Aox 
003@    $0393478130 
007A    $0393478130 $aHEB 
007T    $0Herdpp168229 
010@    $acze 
011@    $a2009 
021A    $a"Heiligkeit und Herrlichkeit in dem Heiligthum" aneb Oslava svatořečení Jana Nepomuckého ve Žďáru 
028A    $aKroupa $dJiří 
031A    $h579-589 $j2009 
037A    $aRés. angl. s. 588: "Heiligkeit und Herrlichkeit in dem Heiligthum". The Celebration of Canonization of St. John of Nepomuk in Žďár 
039B    $aIn $8--Aau--. @Orbis artium. - Brno : Masarykova univerzita, 2009. - 846, [1] S.. - Ill. - ISBN 978-80-210-4972-7 $x200900000000000421 $9222799129 

lok: 39347813 78

exp: 39347813 78 1 #EPN
201B/01 $026-11-17 $t03:33:44.000 
201U/01 $0utf8 
203@/01 $0789588579 
208@/01 $a12-11-16 $be 
209A/01 $a/ $f000 $x00 
220C/01 $aHerkunft: Hú Av Čr Praha 
244Z/01 $#Tschechien $#Tschechische Republik $#Tschechische Republik $#Tschechenland $#Tschechei Tschechien $#Česká Republika $#Czech Republic $#ČR $74303381-7 $8--Tg1--Tschechien $x01 $9086659812 
244Z/01 $2Trx $#Böhmen $#Bohemia $#Czechy $8--Trx--Čechy $x02 $9391188941 
244Z/01 $2Trx $#Grüner Berg Saar an der Sazawa $8--Trx--Zelená Hora$gŽďár nad Sázavou, klášter a zámek $x03 $9391206230 
244Z/01 $aGeschichte 1730 $x04 
244Z/01 $2Trx $#kloostrid $#vienuolynai $#monasteries $#kolostorok $#klasztory $#kláštory $#kláštery $8--Trx--Klöster $x05 $9391383108 
244Z/01 $2Trx $#kirikud hooned $#bažnyčių pastatai $#churches buildings $#templomok épületek $#kościoły budynki $#kostoly budovy $#kostely budovy $8--Trx--Kirchen$gGebäude $x06 $9391363778 
244Z/01 $2Trx $#pidustused $#šventės $#Celebrations $#ünnepek $#uroczystości $#slávnosti, sviatky $#slavnosti $8--Trx--Feste $x07 $939136636X 
244Z/01 $2Trx $#arhitektuur üldine $#architektūra bendras $#architecture general $#épitészet általános $#architektura ogólnie $#architektúra všeobecne $#architektura všeobecně $8--Trx--Architektur$gallgemein $x08 $9391356496 
244Z/01 $aarchitektura efemérní $x09 
244Z/01 $2Trx $8--Trx--Einzelbeiträge $x10 $9391384570 
247C/01 $82080>Marburg/Lahn, Herder-Institut, Forschungsbibliothek, Bibliographieportal $9336309341
LEADER 00000caa a22000002c 4500
001 393478130
003 DE-603
005 20170428155444.0
007 tu
008 161112s2009 xx |||| | u00||u|cze c
035 |a (DE-599)HEB393478130 
040 |a DE-603  |b ger  |c DE-603  |d DE-603 
041 |a cze 
100 1 |a Kroupa, Jiří 
245 0 0 |a "Heiligkeit und Herrlichkeit in dem Heiligthum" aneb Oslava svatořečení Jana Nepomuckého ve Žďáru 
264 0 |c 2009 
500 |a Rés. angl. s. 588: "Heiligkeit und Herrlichkeit in dem Heiligthum". The Celebration of Canonization of St. John of Nepomuk in Žďár 
773 0 8 |i In  |t Orbis artium  |d Brno : Masarykova univerzita, 2009  |h 846, [1] S., Ill  |z 9788021049727  |z 8021049723  |g (2009), Seite 579-589  |w (DE-603)222799129 
924 0 |9 2080  |a (DE-603)789588579  |b DE-2080  |c HES  |d d  |g /